Competency based HRM : A strategic resource for competency mapping, assessment and development centres
| Main Author: | |
|---|---|
| Format: | Book |
| Published: |
New Delhi :
Tata McGraw-hill Publishing ,
2004
|
| Subjects: |
MARC
| LEADER | 00000cam a2200000 7i4500 | ||
|---|---|---|---|
| 001 | 0000003235 | ||
| 005 | 20050324.0 | ||
| 020 | 0 | 0 | |a 0070528047 |
| 090 | 0 | 0 | |a 658.3 |b SHE |
| 100 | 0 | 0 | |a Shermon, Ganesh |
| 245 | 0 | 0 | |a Competency based HRM : |b A strategic resource for competency mapping, assessment and development centres |c Ganesh Shermon |
| 260 | 0 | 0 | |a New Delhi : |b Tata McGraw-hill Publishing , |c 2004 |
| 300 | |a viii, 536 p. : |b ill. ; |c 24 cm. | ||
| 650 | 0 | 0 | |a Personnel management |
| 999 | |a 0000006158 |b Monograph |c Open Shelf |e Default branch | ||